Członkowie Mercosur - nagła śmierć - Statystyki

Ogólne statystyki
  • Ten quiz został rozwiązany 33 razy
  • Średni wynik to 3 z 6
Answers on the Grid
Answers color-coded by a green-red scale on the quiz's grid according to % correct below.
Argentyna
Boliwia
Brazylia
Paragwaj
Urugwaj
Wenezuela
Meksyk
Chile
Peru
Ekwador
Kolumbia
Gujana
 
Statystyki odpowiedzi
Odpowiedź % Poprawnych
Brazylia
93%
Argentyna
80%
Paragwaj
40%
Wenezuela
40%
Boliwia
33%
Urugwaj
20%
Nie znaleziono quizów pasujących do podanych kryteriów
Rozkład punktacji
Procent ludzi z każdym wynikiem
Percentyl według liczby udzielonych odpowiedzi
Twoja historia wyników
Nie rozwiązałeś tego quizu